000 00676cab a2200229 4500
001 WB2743-20
008 090401t1991 xxu||||| |||| 00| 0 eng d
035 _a(Sirsi) u34077
041 _aeng
245 _aBuilding insurance costs
260 _c1991
350 _a0
490 _aDaily Telegraph
_v2 November 1991, 25(1)
520 _aWith buildings insurance rates now based on postcodes, many householders face higher premiums but costs vary between insurance companies.
650 _aBUILDINGS INSURANCE
650 _aHOUSE REBUILDING COSTS
650 _aPOSTCODES
650 _aSUBSIDENCE
690 _aINSURANCE
_96249
942 _n0
948 _c04/03/1997
999 _c22620
_d22620